Các yếu tố ảnh hưởng đến quyết định tham gia bảo hiểm xã hội tự nguyện của người lao động phi chính thức tại tỉnh Trà Vinh Luận văn thạc sĩ. Chuyên ngành: Tài chính - Ngân hàng. Mã ngành: 8340201

Đã lưu trong:
Sonraí Bibleagrafaíochta
Príomhúdar: Nguyễn, Thị Thanh Tuyền
Nhiều tác giả của công ty: Ủy ban Nhân dân tỉnh Trà Vinh, Trường Đại học Trà Vinh
Údair Eile: Nguyễn Thị Thanh Tuyền; Hạ Thị Thiều Dao
Teanga:Undetermined
Vietnamese
Foilsithe: Trà Vinh Trường Đại học Trà Vinh 2019
Ábhair:
Clibeanna: Cuir Clib Leis
Gan Chlibeanna, Bí ar an gcéad duine leis an taifead seo a chlibeáil!
Thư viện lưu trữ: Trung tâm Học liệu Trường Đại học Trà Vinh
LEADER 01135nam a2200289Ia 4500
001 TVU_32011
008 210423s9999 xx 000 0 und d
041 |a vie 
082 |a 368.4 
082 |b T527 
100 |a Nguyễn, Thị Thanh Tuyền 
245 0 |a Các yếu tố ảnh hưởng đến quyết định tham gia bảo hiểm xã hội tự nguyện của người lao động phi chính thức tại tỉnh Trà Vinh 
245 0 |b Luận văn thạc sĩ. Chuyên ngành: Tài chính - Ngân hàng. Mã ngành: 8340201 
245 0 |c Nguyễn Thị Thanh Tuyền ; Hạ Thị Thiều Dao (hướng dẫn khoa học) 
260 |a Trà Vinh 
260 |b Trường Đại học Trà Vinh 
260 |c 2019 
300 |a ix, 60, 27 tr. 
300 |b minh hoạ 
300 |c 30 cm 
504 |a Thư mục: tr. 57-60 
650 |a Bảo hiểm xã hội 
700 |a Nguyễn Thị Thanh Tuyền; Hạ Thị Thiều Dao  
700 |e hướng dẫn khoa học 
710 |a Ủy ban Nhân dân tỉnh Trà Vinh 
710 |b Trường Đại học Trà Vinh 
980 |a Trung tâm Học liệu Trường Đại học Trà Vinh